00745nam a2200217 450000500170000001000150001702000260003203500140005803700090007208200160008124500720009725000100016926000400017927000620021930000200028170000230030170000200032494200300034499900190037495201340039320241022113106.0 aENG-142227 c270.00a9788196866303 aEN-125759 bDBAD a345.4066605 aCorporate Law and Practices/bP. Maheswari, A. Vennila and P. Sudha aFirst aMaduraibShanlax Publicationsc2024 a61,66 T. P. K. Main Road, Vasantha NagarbMaduraie625003 a152p.c22cm(hb) aA. Vennila 973117 aP. Sudha973118 2ddccENh345.4066605mCOR c206551d206551 001040708NFICaBNbBNd2024-10-22eDBADg270.00l0o345.4066605 CORpEN-125759r2024-10-22 00:00:00t1v270.00w2024-10-22yEN